logo

Bir Sreshtho Munshi Abdur Rouf Library
Jhenaidah Cadet College

আরব জাতির ইতিহাস / (Record no. 11558)

MARC details
000 -LEADER
fixed length control field 00733nam a2200229 a 4500
001 - CONTROL NUMBER
JCCL Control Number 11558
003 - CONTROL NUMBER IDENTIFIER
JCCL marc code BD-JhCC
005 - DATE AND TIME OF LATEST TRANSACTION
control field 20200811134007.0
008 - FIXED-LENGTH DATA ELEMENTS--GENERAL INFORMATION
fixed length control field 200329r19722018bg |||| ||a| 001 0 ben d
020 ## - INTERNATIONAL STANDARD BOOK NUMBER
International Standard Book Number 9840755943
035 ## - SYSTEM CONTROL NUMBER
system control number (BD-JhCC)11558
040 ## - CATALOGING SOURCE
Original cataloging agency BD-JhCC
Modifying agency BD-JhCC
041 ## - LANGUAGE CODE
Language code of Book ben
082 ## - DEWEY DECIMAL CLASSIFICATION NUMBER
Classification number 953
Author mark and Year KAR 2018
100 ## - MAIN ENTRY--PERSONAL NAME
Personal name করীম, মুহম্মাদ রেজা-ই
245 ## - TITLE STATEMENT
Title আরব জাতির ইতিহাস /
Statement of responsibility, etc মুহম্মাদ রেজা-ই-করীম ।
260 ## - PUBLICATION, DISTRIBUTION, ETC. (IMPRINT)
Place of publication, distribution, etc ঢাকা:
Name of publisher, distributor, etc বাংলা একাডেমী;
Date of publication, distribution, etc ২০১৮.
300 ## - PHYSICAL DESCRIPTION
Pagination 422 p. :
Dimensions 23 cm
650 ## - SUBJECT ADDED ENTRY--TOPICAL TERM
Topical term or geographic name as entry element Islamic Empire
General subdivision Islam
Geographic subdivision Arab countries
942 ## - ADDED ENTRY ELEMENTS (KOHA)
Source of classification or shelving scheme Dewey Decimal Classification
Koha item type Books
Koha issues (borrowed), all copies 1
Holdings
Source of classification or shelving scheme Damaged status Not for loan Home library Current library Shelving location Date of accession Cost, normal purchase price Total Checkouts Full call number Barcode Date last seen Date checked out Copy number Koha item type
Dewey Decimal Classification     JCC Rouf Library JCC Rouf Library General Stacks 03/29/2020 337.00 1 953 KAR 2018 15797 09/06/2022 08/10/2020 C-1 Books

JCC Library | Contacts | JCC Home

Last Update on 23 September 2017
Copyright @ 2017-2020 JCC Rouf Library
Rouf Library, Jhenidah Cadet College (JCC), Bangladesh